[Event "Campeonato de España Blitz 2017"]
[Site "Linares"]
[Date "2017.08.12"]
[Round "3"]
[White "Ljubojevic, Ljubomir"]
[Black "Sos Andreu, Eric"]
[Result "0-1"]
[Board "9"]
[WhiteTitle "GM"]
[WhiteElo "2540"]
[WhiteCountry "SRB"]
[WhiteFideId "900010"]
[WhiteEloChange "-8"]
[BlackTitle "IM"]
[BlackElo "2285"]
[BlackCountry "ESP"]
[BlackFideId "22247017"]
[BlackEloChange "16"]

1. c4 {[%clk 0:03:00]} c5 {[%clk 0:03:03]} 2. Nf3 {[%clk 0:02:59]} Nc6 {[%clk
0:03:03]} 3. e3 {[%clk 0:03:00]} Nf6 {[%clk 0:03:03]} 4. b3 {[%clk 0:02:59]} g6
{[%clk 0:03:02]} 5. Bb2 {[%clk 0:02:56]} Bg7 {[%clk 0:03:02]} 6. Be2 {[%clk
0:02:57]} O-O {[%clk 0:03:02]} 7. O-O {[%clk 0:02:58]} d5 {[%clk 0:02:56]} 8.
cxd5 {[%clk 0:02:58]} Qxd5 {[%clk 0:02:56]} 9. Nc3 {[%clk 0:02:56]} Qd6 {[%clk
0:02:56]} 10. Rc1 {[%clk 0:02:54]} b6 {[%clk 0:02:57]} 11. d4 {[%clk 0:02:52]}
cxd4 {[%clk 0:02:54]} 12. Nb5 {[%clk 0:02:53]} Qd7 {[%clk 0:02:53]} 13. Nfxd4
{[%clk 0:02:47]} Nxd4 {[%clk 0:02:36]} 14. Qxd4 {[%clk 0:02:49]} Qxd4 {[%clk
0:02:28]} 15. Bxd4 {[%clk 0:02:50]} Bd7 {[%clk 0:01:54]} 16. Nc7 {[%clk 0:02:42]}
Rad8 {[%clk 0:01:45]} 17. h3 {[%clk 0:02:36]} Ne4 {[%clk 0:01:36]} 18. Rfd1
{[%clk 0:02:36]} Bxd4 {[%clk 0:01:29]} 19. Rxd4 {[%clk 0:02:38]} Bf5 {[%clk
0:01:20]} 20. Nd5 {[%clk 0:02:34]} e5 {[%clk 0:01:07]} 21. Rdd1 {[%clk 0:02:06]}
Be6 {[%clk 0:00:58]} 22. Ne7+ {[%clk 0:01:59]} Kg7 {[%clk 0:00:56]} 23. Bf3
{[%clk 0:01:44]} Nf6 {[%clk 0:00:39]} 24. Nc6 {[%clk 0:01:43]} Rxd1+ {[%clk
0:00:31]} 25. Rxd1 {[%clk 0:01:41]} a6 {[%clk 0:00:23]} 26. Nxe5 {[%clk 0:01:41]}
Rc8 {[%clk 0:00:19]} 27. Rd2 {[%clk 0:01:41]} Rc7 {[%clk 0:00:16]} 28. g4 {[%clk
0:01:36]} h6 {[%clk 0:00:17]} 29. Kg2 {[%clk 0:01:27]} Rc5 {[%clk 0:00:17]} 30.
Nc6 {[%clk 0:01:23]} Bd5 {[%clk 0:00:14]} 31. Nb4 {[%clk 0:01:14]} Bxf3+ {[%clk
0:00:13]} 32. Kxf3 {[%clk 0:01:16]} a5 {[%clk 0:00:14]} 33. Nd3 {[%clk 0:01:09]}
Rd5 {[%clk 0:00:15]} 34. Ke2 {[%clk 0:01:10]} Ne4 {[%clk 0:00:16]} 35. Rc2 {[%clk
0:01:12]} h5 {[%clk 0:00:15]} 36. f3 {[%clk 0:01:09]} Ng3+ {[%clk 0:00:10]} 37.
Kd2 {[%clk 0:01:02]} Nf1+ {[%clk 0:00:11]} 38. Kc3 {[%clk 0:01:01]} Nxe3 {[%clk
0:00:11]} 39. Re2 {[%clk 0:01:01]} Nf1 {[%clk 0:00:07]} 40. Rf2 {[%clk 0:00:51]}
Ne3 {[%clk 0:00:06]} 41. Re2 {[%clk 0:00:52]} Nf1 {[%clk 0:00:07]} 42. a4 {[%clk
0:00:50]} h4 {[%clk 0:00:07]} 43. f4 {[%clk 0:00:49]} Rd7 {[%clk 0:00:08]} 44.
Kc4 {[%clk 0:00:48]} Ng3 {[%clk 0:00:07]} 45. Re3 {[%clk 0:00:47]} Nf1 {[%clk
0:00:07]} 46. Re2 {[%clk 0:00:47]} Ng3 {[%clk 0:00:08]} 47. Re1 {[%clk 0:00:47]}
Rd6 {[%clk 0:00:05]} 48. Ne5 {[%clk 0:00:46]} f6 {[%clk 0:00:05]} 49. Nd3 {[%clk
0:00:46]} Kf7 {[%clk 0:00:06]} 50. Kc3 {[%clk 0:00:43]} Rc6+ {[%clk 0:00:07]} 51.
Kd2 {[%clk 0:00:44]} Rd6 {[%clk 0:00:08]} 52. Kc3 {[%clk 0:00:44]} Rc6+ {[%clk
0:00:09]} 53. Kb2 {[%clk 0:00:44]} Rd6 {[%clk 0:00:10]} 54. Kc2 {[%clk 0:00:44]}
Rc6+ {[%clk 0:00:10]} 55. Kd2 {[%clk 0:00:45]} Rd6 {[%clk 0:00:11]} 56. Kc2
{[%clk 0:00:39]} Rc6+ {[%clk 0:00:11]} 57. Kb2 {[%clk 0:00:39]} Rd6 {[%clk
0:00:14]} 58. Kc3 {[%clk 0:00:39]} Rc6+ {[%clk 0:00:14]} 59. Kd4 {[%clk 0:00:40]}
Rd6+ {[%clk 0:00:15]} 60. Kc4 {[%clk 0:00:42]} g5 {[%clk 0:00:08]} 61. fxg5
{[%clk 0:00:42]} fxg5 {[%clk 0:00:09]} 62. Re5 {[%clk 0:00:40]} Kf6 {[%clk
0:00:09]} 63. Rd5 {[%clk 0:00:38]} Re6 {[%clk 0:00:10]} 64. Kb5 {[%clk 0:00:37]}
Ne4 {[%clk 0:00:11]} 65. Rf5+ {[%clk 0:00:31]} Kg6 {[%clk 0:00:11]} 66. Ka6
{[%clk 0:00:29]} Rd6 {[%clk 0:00:08]} 67. Ne5+ {[%clk 0:00:30]} Kg7 {[%clk
0:00:08]} 68. Nc4 {[%clk 0:00:31]} Re6 {[%clk 0:00:07]} 69. Nxb6 {[%clk 0:00:30]}
Kg6 {[%clk 0:00:07]} 70. Kxa5 {[%clk 0:00:30]} Nd6 {[%clk 0:00:06]} 71. Rd5
{[%clk 0:00:27]} Ne4 {[%clk 0:00:05]} 72. Nc4 {[%clk 0:00:23]} Nf2 {[%clk
0:00:05]} 73. Ne5+ {[%clk 0:00:23]} Kf6 {[%clk 0:00:06]} 74. Nf3 {[%clk 0:00:23]}
Nxh3 {[%clk 0:00:07]} 75. b4 {[%clk 0:00:23]} Re3 {[%clk 0:00:07]} 76. Rf5+
{[%clk 0:00:22]} Kg6 {[%clk 0:00:07]} 77. b5 {[%clk 0:00:23]} Re4 {[%clk
0:00:08]} 78. b6 {[%clk 0:00:23]} Rxg4 {[%clk 0:00:07]} 79. Ne5+ {[%clk 0:00:25]}
Kxf5 {[%clk 0:00:07]} 80. Nxg4 {[%clk 0:00:26]} Nf4 {[%clk 0:00:07]} 81. b7
{[%clk 0:00:27]} Kxg4 {[%clk 0:00:04]} 82. b8Q {[%clk 0:00:27]} h3 {[%clk
0:00:05]} 0-1

[Event "Campeonato de España Blitz 2017"]
[Site "Linares"]
[Date "2017.08.12"]
[Round "3"]
[White "Jimenez Martinez, Jose Vicente"]
[Black "Lopez Martinez, Josep Manuel"]
[Result "0-1"]
[Board "10"]
[WhiteTitle "FM"]
[WhiteElo "2300"]
[WhiteCountry "ESP"]
[WhiteFideId "2264021"]
[WhiteEloChange "-4"]
[BlackTitle "GM"]
[BlackElo "2529"]
[BlackCountry "ESP"]
[BlackFideId "2212943"]
[BlackEloChange "2"]

1. d4 {[%clk 0:03:02]} e6 {[%clk 0:03:02]} 2. c4 {[%clk 0:03:02]} Bb4+ {[%clk
0:03:02]} 3. Nc3 {[%clk 0:03:02]} d5 {[%clk 0:02:56]} 4. Nf3 {[%clk 0:03:01]}
dxc4 {[%clk 0:02:56]} 5. e3 {[%clk 0:02:58]} b5 {[%clk 0:02:54]} 6. Be2 {[%clk
0:02:44]} Bb7 {[%clk 0:02:53]} 7. O-O {[%clk 0:02:44]} a6 {[%clk 0:02:51]} 8. Bd2
{[%clk 0:02:34]} Nf6 {[%clk 0:02:48]} 9. a4 {[%clk 0:02:31]} Bxc3 {[%clk
0:02:44]} 10. bxc3 {[%clk 0:02:24]} O-O {[%clk 0:02:41]} 11. Qb1 {[%clk 0:02:22]}
Qd5 {[%clk 0:01:42]} 12. Ne1 {[%clk 0:02:10]} Nbd7 {[%clk 0:01:35]} 13. f3 {[%clk
0:02:01]} Qg5 {[%clk 0:01:22]} 14. Bxc4 {[%clk 0:01:54]} bxc4 {[%clk 0:00:44]}
15. Qxb7 {[%clk 0:01:55]} Rfb8 {[%clk 0:00:32]} 16. Qxc7 {[%clk 0:01:55]} Rb2
{[%clk 0:00:29]} 17. Bc1 {[%clk 0:01:45]} Rbb8 {[%clk 0:00:11]} 18. Qxc4 {[%clk
0:01:43]} Rc8 {[%clk 0:00:11]} 19. Qd3 {[%clk 0:01:44]} Nb6 {[%clk 0:00:11]} 20.
e4 {[%clk 0:01:43]} Qa5 {[%clk 0:00:12]} 21. Bd2 {[%clk 0:01:44]} Nc4 {[%clk
0:00:13]} 22. Bg5 {[%clk 0:01:36]} Qxg5 {[%clk 0:00:12]} 23. e5 {[%clk 0:01:26]}
Nd5 {[%clk 0:00:12]} 24. Kh1 {[%clk 0:01:10]} Nf4 {[%clk 0:00:11]} 25. Qc2 {[%clk
0:01:07]} Ne3 {[%clk 0:00:11]} 26. Qf2 {[%clk 0:00:50]} Nxf1 {[%clk 0:00:10]} 27.
Qxf1 {[%clk 0:00:51]} Rxc3 {[%clk 0:00:11]} 28. Rb1 {[%clk 0:00:48]} h5 {[%clk
0:00:09]} 29. g3 {[%clk 0:00:46]} Nd5 {[%clk 0:00:10]} 30. f4 {[%clk 0:00:47]}
Qf5 {[%clk 0:00:10]} 31. Ng2 {[%clk 0:00:47]} Rc2 {[%clk 0:00:10]} 32. Re1 {[%clk
0:00:44]} a5 {[%clk 0:00:08]} 33. Nh4 {[%clk 0:00:43]} Qg4 {[%clk 0:00:06]} 34.
Qd3 {[%clk 0:00:36]} Rac8 {[%clk 0:00:05]} 35. f5 {[%clk 0:00:26]} Qh3 {[%clk
0:00:05]} 36. Nf3 {[%clk 0:00:15]} R8c3 {[%clk 0:00:06]} 37. fxe6 {[%clk
0:00:16]} Rxd3 {[%clk 0:00:05]} 38. exf7+ {[%clk 0:00:17]} Kf8 {[%clk 0:00:06]}
39. e6 {[%clk 0:00:04]} Qg2# {[%clk 0:00:06]} 0-1

[Event "Campeonato de España Blitz 2017"]
[Site "Linares"]
[Date "2017.08.12"]
[Round "3"]
[White "Martin Duque, Jesus"]
[Black "Forcen Esteban, Daniel"]
[Result "0-1"]
[Board "11"]
[WhiteTitle "FM"]
[WhiteElo "2285"]
[WhiteCountry "ESP"]
[WhiteFideId "2208954"]
[WhiteEloChange "-4"]
[BlackTitle "GM"]
[BlackElo "2515"]
[BlackCountry "ESP"]
[BlackFideId "2288230"]
[BlackEloChange "2"]

1. e4 {[%clk 0:03:02]} e6 {[%clk 0:03:03]} 2. d4 {[%clk 0:03:01]} d5 {[%clk
0:03:04]} 3. Nd2 {[%clk 0:03:01]} c5 {[%clk 0:03:03]} 4. Ngf3 {[%clk 0:02:59]}
cxd4 {[%clk 0:03:03]} 5. exd5 {[%clk 0:02:59]} Qxd5 {[%clk 0:03:03]} 6. Bc4
{[%clk 0:02:58]} Qd8 {[%clk 0:02:59]} 7. O-O {[%clk 0:02:56]} Nc6 {[%clk
0:03:00]} 8. Nb3 {[%clk 0:02:54]} a6 {[%clk 0:02:59]} 9. Nbxd4 {[%clk 0:02:49]}
Nxd4 {[%clk 0:02:59]} 10. Nxd4 {[%clk 0:02:50]} Qc7 {[%clk 0:03:00]} 11. Bb3
{[%clk 0:02:44]} Bd6 {[%clk 0:03:00]} 12. h3 {[%clk 0:02:26]} Ne7 {[%clk
0:02:57]} 13. Qe2 {[%clk 0:02:10]} Bd7 {[%clk 0:02:43]} 14. Bg5 {[%clk 0:02:00]}
h6 {[%clk 0:02:38]} 15. Be3 {[%clk 0:01:37]} O-O {[%clk 0:01:35]} 16. c4 {[%clk
0:01:29]} b6 {[%clk 0:01:29]} 17. Rfd1 {[%clk 0:01:27]} Rad8 {[%clk 0:01:22]} 18.
Rac1 {[%clk 0:01:10]} Bc8 {[%clk 0:01:07]} 19. Bc2 {[%clk 0:00:57]} e5 {[%clk
0:01:08]} 20. Nb3 {[%clk 0:00:54]} f5 {[%clk 0:01:01]} 21. c5 {[%clk 0:00:48]}
bxc5 {[%clk 0:01:01]} 22. Bxc5 {[%clk 0:00:41]} Bxc5 {[%clk 0:00:54]} 23. Nxc5
{[%clk 0:00:38]} Rxd1+ {[%clk 0:00:47]} 24. Bxd1 {[%clk 0:00:37]} Qd6 {[%clk
0:00:44]} 25. Bb3+ {[%clk 0:00:31]} Kh8 {[%clk 0:00:45]} 26. Qc4 {[%clk 0:00:28]}
Nc6 {[%clk 0:00:44]} 27. Ne4 {[%clk 0:00:22]} fxe4 {[%clk 0:00:38]} 28. Qxc6
{[%clk 0:00:23]} Qd4 {[%clk 0:00:33]} 29. Qc2 {[%clk 0:00:16]} e3 {[%clk
0:00:34]} 30. fxe3 {[%clk 0:00:12]} Qxe3+ {[%clk 0:00:35]} 31. Kh1 {[%clk
0:00:14]} Bb7 {[%clk 0:00:29]} 32. Rd1 {[%clk 0:00:09]} Qxh3+ {[%clk 0:00:27]}
33. Kg1 {[%clk 0:00:10]} Qe3+ {[%clk 0:00:28]} 34. Kh1 {[%clk 0:00:11]} Be4
{[%clk 0:00:20]} 35. Qd2 {[%clk 0:00:10]} Qg3 {[%clk 0:00:11]} 36. Kg1 {[%clk
0:00:08]} h5 {[%clk 0:00:09]} 37. Re1 {[%clk 0:00:08]} Bxg2 {[%clk 0:00:08]} 38.
Re3 {[%clk 0:00:08]} Rf1# {[%clk 0:00:08]} 0-1

[Event "Campeonato de España Blitz 2017"]
[Site "Linares"]
[Date "2017.08.12"]
[Round "3"]
[White "Montoliu Cervero, Francisco"]
[Black "Arizmendi Martinez, Julen Luis"]
[Result "0-1"]
[Board "12"]
[WhiteTitle "FM"]
[WhiteElo "2284"]
[WhiteCountry "ESP"]
[WhiteFideId "2214814"]
[WhiteEloChange "-4"]
[BlackTitle "GM"]
[BlackElo "2514"]
[BlackCountry "ESP"]
[BlackFideId "2205092"]
[BlackEloChange "2"]

1. e4 {[%clk 0:03:02]} e6 {[%clk 0:03:02]} 2. d4 {[%clk 0:03:03]} d5 {[%clk
0:03:06]} 3. e5 {[%clk 0:03:05]} c5 {[%clk 0:03:05]} 4. c3 {[%clk 0:03:06]} Qb6
{[%clk 0:03:06]} 5. Nf3 {[%clk 0:03:06]} Nc6 {[%clk 0:03:07]} 6. a3 {[%clk
0:03:06]} c4 {[%clk 0:03:06]} 7. Nbd2 {[%clk 0:03:07]} f6 {[%clk 0:02:45]} 8. b3
{[%clk 0:02:29]} cxb3 {[%clk 0:02:43]} 9. Qxb3 {[%clk 0:02:29]} Qxb3 {[%clk
0:02:11]} 10. Nxb3 {[%clk 0:02:30]} fxe5 {[%clk 0:02:12]} 11. dxe5 {[%clk
0:02:30]} Nge7 {[%clk 0:02:10]} 12. c4 {[%clk 0:02:26]} Ng6 {[%clk 0:01:50]} 13.
Bb2 {[%clk 0:02:26]} Bd7 {[%clk 0:01:33]} 14. cxd5 {[%clk 0:02:23]} exd5 {[%clk
0:01:33]} 15. g3 {[%clk 0:02:16]} Bf5 {[%clk 0:01:28]} 16. Bg2 {[%clk 0:01:57]}
Be7 {[%clk 0:00:58]} 17. O-O {[%clk 0:01:46]} Be4 {[%clk 0:00:53]} 18. Rfe1
{[%clk 0:01:28]} O-O {[%clk 0:00:51]} 19. Nbd2 {[%clk 0:01:19]} Bd3 {[%clk
0:00:40]} 20. Nd4 {[%clk 0:01:04]} Nxd4 {[%clk 0:00:38]} 21. Bxd4 {[%clk
0:01:00]} Rfd8 {[%clk 0:00:34]} 22. f4 {[%clk 0:00:49]} Bf5 {[%clk 0:00:29]} 23.
Rec1 {[%clk 0:00:46]} Rd7 {[%clk 0:00:24]} 24. Rc3 {[%clk 0:00:44]} Nf8 {[%clk
0:00:25]} 25. Rac1 {[%clk 0:00:33]} Ne6 {[%clk 0:00:16]} 26. Bf2 {[%clk 0:00:34]}
b6 {[%clk 0:00:14]} 27. a4 {[%clk 0:00:28]} Rad8 {[%clk 0:00:14]} 28. Rc8 {[%clk
0:00:23]} Bc5 {[%clk 0:00:13]} 29. Rxd8+ {[%clk 0:00:22]} Rxd8 {[%clk 0:00:14]}
30. Nb3 {[%clk 0:00:19]} d4 {[%clk 0:00:11]} 31. a5 {[%clk 0:00:15]} d3 {[%clk
0:00:09]} 32. Nxc5 {[%clk 0:00:14]} Nxc5 {[%clk 0:00:07]} 33. axb6 {[%clk
0:00:09]} axb6 {[%clk 0:00:07]} 34. Bf3 {[%clk 0:00:10]} d2 {[%clk 0:00:07]} 35.
Rd1 {[%clk 0:00:06]} Bc2 {[%clk 0:00:07]} 36. Bxc5 {[%clk 0:00:04]} bxc5 {[%clk
0:00:06]} 37. Kf2 {[%clk 0:00:05]} Bxd1 {[%clk 0:00:07]} 38. Bxd1 {[%clk
0:00:06]} c4 {[%clk 0:00:08]} 39. Ke3 {[%clk 0:00:07]} c3 {[%clk 0:00:09]} 40.
Ke2 {[%clk 0:00:09]} Kf8 {[%clk 0:00:10]} 41. Bc2 {[%clk 0:00:09]} Ke7 {[%clk
0:00:10]} 42. f5 {[%clk 0:00:09]} Rd5 {[%clk 0:00:10]} 43. e6 {[%clk 0:00:10]}
Re5+ {[%clk 0:00:11]} 44. Kd3 {[%clk 0:00:10]} Re1 {[%clk 0:00:12]} 45. Kd4
{[%clk 0:00:10]} 0-1

[Event "Campeonato de España Blitz 2017"]
[Site "Linares"]
[Date "2017.08.12"]
[Round "4"]
[White "Bruzon Batista, Lazaro"]
[Black "Cifuentes Parada, Roberto"]
[Result "1/2-1/2"]
[Board "1"]
[WhiteTitle "GM"]
[WhiteElo "2662"]
[WhiteCountry "CUB"]
[WhiteFideId "3503739"]
[WhiteEloChange "-2"]
[BlackTitle "GM"]
[BlackElo "2477"]
[BlackCountry "ESP"]
[BlackFideId "2253488"]
[BlackEloChange "2"]

1. d4 {[%clk 0:03:02]} d5 {[%clk 0:03:05]} 2. Bf4 {[%clk 0:03:02]} Nf6 {[%clk
0:03:05]} 3. e3 {[%clk 0:03:03]} g6 {[%clk 0:03:06]} 4. Nf3 {[%clk 0:03:02]} Bg7
{[%clk 0:03:07]} 5. c4 {[%clk 0:02:53]} c6 {[%clk 0:03:09]} 6. Nc3 {[%clk
0:02:53]} O-O {[%clk 0:03:09]} 7. Bd3 {[%clk 0:02:52]} dxc4 {[%clk 0:03:10]} 8.
Bxc4 {[%clk 0:02:53]} Bg4 {[%clk 0:03:10]} 9. O-O {[%clk 0:02:53]} Nbd7 {[%clk
0:03:10]} 10. h3 {[%clk 0:02:41]} Bxf3 {[%clk 0:03:12]} 11. Qxf3 {[%clk 0:02:42]}
Qa5 {[%clk 0:03:13]} 12. a3 {[%clk 0:02:12]} e5 {[%clk 0:03:09]} 13. b4 {[%clk
0:02:13]} Qc7 {[%clk 0:03:05]} 14. Bh2 {[%clk 0:02:13]} Rae8 {[%clk 0:03:01]} 15.
Bb3 {[%clk 0:02:11]} Qd8 {[%clk 0:02:51]} 16. Rad1 {[%clk 0:02:12]} Qe7 {[%clk
0:02:47]} 17. d5 {[%clk 0:02:06]} e4 {[%clk 0:02:40]} 18. Qe2 {[%clk 0:02:07]}
cxd5 {[%clk 0:02:34]} 19. Nxd5 {[%clk 0:02:08]} Nxd5 {[%clk 0:02:33]} 20. Bxd5
{[%clk 0:02:08]} Be5 {[%clk 0:02:26]} 21. Bxe5 {[%clk 0:02:06]} Qxe5 {[%clk
0:02:19]} 22. Bxb7 {[%clk 0:02:06]} Nf6 {[%clk 0:02:20]} 23. Rd4 {[%clk 0:01:58]}
Re7 {[%clk 0:02:17]} 24. Ba6 {[%clk 0:01:57]} h5 {[%clk 0:02:16]} 25. Rfd1 {[%clk
0:01:58]} h4 {[%clk 0:02:15]} 26. Bc4 {[%clk 0:01:55]} Kg7 {[%clk 0:02:11]} 27.
Rd6 {[%clk 0:01:38]} Rc8 {[%clk 0:02:05]} 28. R1d4 {[%clk 0:01:33]} Rec7 {[%clk
0:02:03]} 29. Ra6 {[%clk 0:01:15]} Rxc4 {[%clk 0:01:55]} 30. Rxc4 {[%clk
0:01:16]} Qa1+ {[%clk 0:01:56]} 31. Kh2 {[%clk 0:01:10]} Qe5+ {[%clk 0:01:57]}
32. Kh1 {[%clk 0:01:02]} Qa1+ {[%clk 0:01:54]} 33. Kh2 {[%clk 0:01:00]} Qe5+
{[%clk 0:01:56]} 34. Kh1 {[%clk 0:00:33]} Qa1+ {[%clk 0:01:56]} 1/2-1/2

[Event "Campeonato de España Blitz 2017"]
[Site "Linares"]
[Date "2017.08.12"]
[Round "4"]
[White "Anton Guijarro, David"]
[Black "Perez Mitjans, Orelvis"]
[Result "1-0"]
[Board "2"]
[WhiteTitle "GM"]
[WhiteElo "2620"]
[WhiteCountry "ESP"]
[WhiteFideId "2285525"]
[WhiteEloChange "3"]
[BlackTitle "GM"]
[BlackElo "2455"]
[BlackCountry "ESP"]
[BlackFideId "3502856"]
[BlackEloChange "-3"]

1. Nf3 {[%clk 0:03:02]} Nf6 {[%clk 0:03:02]} 2. b3 {[%clk 0:03:03]} g6 {[%clk
0:03:00]} 3. Bb2 {[%clk 0:03:03]} Bg7 {[%clk 0:03:01]} 4. g3 {[%clk 0:03:03]} O-O
{[%clk 0:03:02]} 5. Bg2 {[%clk 0:03:04]} d6 {[%clk 0:03:03]} 6. O-O {[%clk
0:03:03]} e5 {[%clk 0:03:04]} 7. d3 {[%clk 0:03:03]} Ne8 {[%clk 0:03:00]} 8. Nfd2
{[%clk 0:02:57]} f5 {[%clk 0:02:59]} 9. c4 {[%clk 0:02:56]} Nc6 {[%clk 0:02:58]}
10. Nc3 {[%clk 0:02:56]} Be6 {[%clk 0:02:55]} 11. Nd5 {[%clk 0:02:53]} Qd7 {[%clk
0:02:53]} 12. f4 {[%clk 0:02:45]} Nd8 {[%clk 0:02:43]} 13. e3 {[%clk 0:02:24]} c6
{[%clk 0:02:38]} 14. Nc3 {[%clk 0:02:25]} Nf6 {[%clk 0:02:32]} 15. Nf3 {[%clk
0:02:24]} Nf7 {[%clk 0:02:29]} 16. Qd2 {[%clk 0:02:12]} Qc7 {[%clk 0:02:22]} 17.
Rac1 {[%clk 0:02:10]} Rad8 {[%clk 0:02:19]} 18. Rfd1 {[%clk 0:02:00]} Rfe8 {[%clk
0:02:15]} 19. b4 {[%clk 0:01:48]} Bc8 {[%clk 0:01:40]} 20. Re1 {[%clk 0:01:46]}
a6 {[%clk 0:01:28]} 21. Kh1 {[%clk 0:01:36]} Ng4 {[%clk 0:01:02]} 22. a3 {[%clk
0:01:29]} Qe7 {[%clk 0:00:27]} 23. d4 {[%clk 0:01:11]} e4 {[%clk 0:00:18]} 24.
Ng1 {[%clk 0:01:11]} g5 {[%clk 0:00:12]} 25. Nh3 {[%clk 0:01:04]} Bh6 {[%clk
0:00:13]} 26. d5 {[%clk 0:01:03]} gxf4 {[%clk 0:00:13]} 27. Nxf4 {[%clk 0:00:59]}
Bxf4 {[%clk 0:00:14]} 28. exf4 {[%clk 0:00:50]} Nh8 {[%clk 0:00:09]} 29. Qd4
{[%clk 0:00:46]} Ng6 {[%clk 0:00:10]} 30. Nd1 {[%clk 0:00:43]} Qf8 {[%clk
0:00:10]} 31. h3 {[%clk 0:00:41]} Nh6 {[%clk 0:00:09]} 32. Ne3 {[%clk 0:00:40]}
Rd7 {[%clk 0:00:06]} 33. Red1 {[%clk 0:00:38]} Nf7 {[%clk 0:00:04]} 34. Bf1
{[%clk 0:00:30]} Qh6 {[%clk 0:00:05]} 35. Rc2 {[%clk 0:00:28]} Rde7 {[%clk
0:00:05]} 36. h4 {[%clk 0:00:29]} Nd8 {[%clk 0:00:05]} 37. Rh2 {[%clk 0:00:28]}
Kf7 {[%clk 0:00:03]} 38. h5 {[%clk 0:00:29]} Nf8 {[%clk 0:00:05]} 39. Be2 {[%clk
0:00:24]} b6 {[%clk 0:00:04]} 40. dxc6 {[%clk 0:00:23]} Be6 {[%clk 0:00:05]} 41.
b5 {[%clk 0:00:23]} a5 {[%clk 0:00:05]} 42. Nd5 {[%clk 0:00:22]} Bxd5 {[%clk
0:00:04]} 43. cxd5 {[%clk 0:00:23]} Kg8 {[%clk 0:00:04]} 44. Rg1 {[%clk 0:00:20]}
Kf7 {[%clk 0:00:04]} 45. g4 {[%clk 0:00:18]} 1-0

[Event "Campeonato de España Blitz 2017"]
[Site "Linares"]
[Date "2017.08.12"]
[Round "4"]
[White "Narciso Dublan, Marc"]
[Black "Almagro Llamas, Pablo"]
[Result "1/2-1/2"]
[Board "3"]
[WhiteTitle "GM"]
[WhiteElo "2582"]
[WhiteCountry "ESP"]
[WhiteFideId "2201500"]
[WhiteEloChange "-2"]
[BlackTitle "IM"]
[BlackElo "2417"]
[BlackCountry "ESP"]
[BlackFideId "2221799"]
[BlackEloChange "2"]

1. e4 {[%clk 0:03:02]} c6 {[%clk 0:03:02]} 2. d4 {[%clk 0:03:04]} d5 {[%clk
0:03:03]} 3. exd5 {[%clk 0:03:05]} cxd5 {[%clk 0:03:04]} 4. Bf4 {[%clk 0:03:06]}
Nc6 {[%clk 0:03:01]} 5. c3 {[%clk 0:03:08]} Nf6 {[%clk 0:02:56]} 6. Nd2 {[%clk
0:03:09]} g6 {[%clk 0:02:39]} 7. Ngf3 {[%clk 0:03:07]} Bg7 {[%clk 0:02:39]} 8.
Bd3 {[%clk 0:03:07]} O-O {[%clk 0:02:38]} 9. O-O {[%clk 0:03:08]} Bf5 {[%clk
0:02:24]} 10. Bxf5 {[%clk 0:03:08]} gxf5 {[%clk 0:02:25]} 11. Ne5 {[%clk
0:03:05]} e6 {[%clk 0:02:22]} 12. Nb3 {[%clk 0:02:57]} Nxe5 {[%clk 0:02:20]} 13.
Bxe5 {[%clk 0:02:58]} Ne4 {[%clk 0:02:09]} 14. f3 {[%clk 0:02:38]} Nd6 {[%clk
0:02:10]} 15. Bxg7 {[%clk 0:02:33]} Kxg7 {[%clk 0:02:10]} 16. Nc5 {[%clk
0:02:35]} Kh8 {[%clk 0:02:07]} 17. Qe2 {[%clk 0:02:30]} Rg8 {[%clk 0:02:02]} 18.
Rf2 {[%clk 0:02:14]} Rg7 {[%clk 0:02:00]} 19. Re1 {[%clk 0:02:05]} b6 {[%clk
0:01:52]} 20. Nd3 {[%clk 0:02:06]} Qh4 {[%clk 0:01:46]} 21. Qe5 {[%clk 0:01:46]}
Rd8 {[%clk 0:01:25]} 22. b3 {[%clk 0:01:37]} h6 {[%clk 0:01:24]} 23. Rc1 {[%clk
0:01:18]} Kh7 {[%clk 0:01:22]} 24. c4 {[%clk 0:01:15]} dxc4 {[%clk 0:01:16]} 25.
bxc4 {[%clk 0:01:16]} f6 {[%clk 0:00:54]} 26. Qf4 {[%clk 0:01:12]} Qg5 {[%clk
0:00:47]} 27. Re2 {[%clk 0:01:04]} Re7 {[%clk 0:00:34]} 28. a4 {[%clk 0:00:42]}
Nb7 {[%clk 0:00:26]} 29. Rce1 {[%clk 0:00:29]} e5 {[%clk 0:00:22]} 30. Qxg5
{[%clk 0:00:26]} hxg5 {[%clk 0:00:22]} 31. Nb4 {[%clk 0:00:26]} Na5 {[%clk
0:00:10]} 32. Nd5 {[%clk 0:00:27]} Re6 {[%clk 0:00:07]} 33. dxe5 {[%clk 0:00:26]}
fxe5 {[%clk 0:00:07]} 34. Rxe5 {[%clk 0:00:25]} Rxe5 {[%clk 0:00:08]} 35. Rxe5
{[%clk 0:00:26]} Nxc4 {[%clk 0:00:09]} 36. Re7+ {[%clk 0:00:27]} Kg6 {[%clk
0:00:09]} 37. Nc3 {[%clk 0:00:22]} Rd3 {[%clk 0:00:07]} 38. Nb5 {[%clk 0:00:21]}
f4 {[%clk 0:00:05]} 39. Re2 {[%clk 0:00:15]} Ne3 {[%clk 0:00:05]} 40. Re1 {[%clk
0:00:13]} Rd2 {[%clk 0:00:06]} 41. g3 {[%clk 0:00:14]} Rg2+ {[%clk 0:00:06]} 42.
Kh1 {[%clk 0:00:14]} Ra2 {[%clk 0:00:06]} 43. gxf4 {[%clk 0:00:17]} gxf4 {[%clk
0:00:07]} 44. Nxa7 {[%clk 0:00:17]} Rxa4 {[%clk 0:00:07]} 45. Nc8 {[%clk
0:00:17]} b5 {[%clk 0:00:08]} 46. Rb1 {[%clk 0:00:15]} b4 {[%clk 0:00:05]} 47.
Nb6 {[%clk 0:00:16]} Ra6 {[%clk 0:00:06]} 48. Nd7 {[%clk 0:00:16]} Rd6 {[%clk
0:00:05]} 49. Nc5 {[%clk 0:00:15]} Rd5 {[%clk 0:00:05]} 50. Ne4 {[%clk 0:00:16]}
Rb5 {[%clk 0:00:05]} 51. h3 {[%clk 0:00:16]} b3 {[%clk 0:00:06]} 52. Nd2 {[%clk
0:00:11]} b2 {[%clk 0:00:06]} 53. Kg1 {[%clk 0:00:13]} Kf5 {[%clk 0:00:07]} 54.
Kf2 {[%clk 0:00:14]} Ke5 {[%clk 0:00:09]} 55. Ke2 {[%clk 0:00:14]} Kd4 {[%clk
0:00:10]} 56. Ne4 {[%clk 0:00:14]} Nd5 {[%clk 0:00:09]} 57. Kd2 {[%clk 0:00:15]}
Rb3 {[%clk 0:00:09]} 58. Kc2 {[%clk 0:00:08]} Rxf3 {[%clk 0:00:10]} 59. Nd6
{[%clk 0:00:09]} Rf2+ {[%clk 0:00:10]} 60. Kb3 {[%clk 0:00:09]} Ke5 {[%clk
0:00:10]} 61. Nc4+ {[%clk 0:00:12]} Kf5 {[%clk 0:00:10]} 62. Nxb2 {[%clk
0:00:13]} Rh2 {[%clk 0:00:11]} 63. Kc4 {[%clk 0:00:12]} Ne3+ {[%clk 0:00:12]} 64.
Kd4 {[%clk 0:00:13]} Rxh3 {[%clk 0:00:12]} 65. Nd3 {[%clk 0:00:14]} Rh8 {[%clk
0:00:11]} 66. Rb5+ {[%clk 0:00:14]} Kg4 {[%clk 0:00:11]} 67. Ne5+ {[%clk
0:00:12]} Kg3 {[%clk 0:00:12]} 68. Rb7 {[%clk 0:00:13]} Ng4 {[%clk 0:00:10]} 69.
Rg7 {[%clk 0:00:13]} Rh4 {[%clk 0:00:11]} 70. Ke4 {[%clk 0:00:11]} Kh3 {[%clk
0:00:12]} 71. Nf3 {[%clk 0:00:09]} Rh8 {[%clk 0:00:10]} 72. Ng5+ {[%clk 0:00:08]}
Kh4 {[%clk 0:00:10]} 73. Kxf4 {[%clk 0:00:06]} Rf8+ {[%clk 0:00:10]} 74. Rf7
{[%clk 0:00:06]} Rxf7+ {[%clk 0:00:10]} 75. Nxf7 {[%clk 0:00:07]} 1/2-1/2